Países más cercanos a Tayikistán - Estadísticas

Estadísticas generales
  • Esta prueba ha sido intentada 88 veces
  • La puntuación promedio es 18 de 20
Estadísticas de respuestas
km país % Correcto
1273 Rusia
100%
0 Afganistán
99%
0 China
99%
59 Kazajistán
99%
16 Pakistán
99%
1761 Georgia
97%
1933 Irak
97%
593 Irán
97%
0 Kirguistán
97%
0 Uzbekistán
97%
1784 Armenia
96%
277 India
96%
1453 Azerbaiyán
95%
110 Turkmenistán
95%
1529 Mongolia
90%
965 Nepal
86%
1707 Bután
84%
1737 Bangladés
78%
1601 Omán
39%
1649 Emiratos Árabes Unidos
36%
No se encontraron pruebas coincidentes
Distribución de puntuación
Porcentaje de gente con cada puntuación
Porcentaje por número respondido
Historial de tus puntuaciones
No has intentado esta prueba.